Culture Générale - Série 2499 - Statistiques

Statistiques générales
  • Ce quiz a été pris 116 fois
  • Le résultat moyen est 5 sur 10
Statistiques - réponses
Question Réponse % Correct
Quel fruit peut être appelé "Belle Hélène" ? poire
97%
Quel est le pluriel de ail (vieux ou régional) ? aulx
61%
En couture, comment appelle-t-on un modèle ? patron
61%
De quel état des Etats Unis Salt Lake City est-elle la capitale ? Utah
58%
Comment s'appelle le pont du zouave à Paris ? voir photo Alma
50%
Ouvrier tisserand de soie travaillant sur un métier à tisser, au XIX e siècle. canut
42%
Dans quel département se situe la vallée de la Tarentaise ? Savoie
34%
Céréale originaire d'Afrique qui peut peut remplacer le blé dans les régimes sans gluten vu qu'elle est dépourvue de cette protéine - 6 lettres millet
26%
C'est une mauvaise odeur en 6 lettres commençant par " m " miasme
18%
Au Moyen Âge ce lieu désignait une partie d'un monastère ouvert au public, réservé à l'accueil et à l'hébergement des hôtes occasionnels, les pèlerins et les étrangers . hôtellerie
5%
Aucun quiz correspondant
Distribution des résultats
% des personnes avec chaque résultat
Percentile par nombre de réponses
Votre historique - résultats
Vous n’avez pas pris ce quiz